000 01293nam a2200229Ia 4500
999 _c45465
_d45465
001 12290
003 GE_BSU
005 20240701163849.0
008 181216s2014|||| |||||||||||||| ||geo||
040 _cGE_BSU
041 _ageo
080 _a902.2(479.22) ს-323
245 _aსაქართველოს შუასაუკუნეების არქეოლოგიური ძეგლები I /
_cრედ. : რ. რამიშვილი, დ. მინდორაშვილი ; ოთ.ლორთქიფანიძის არქეოლოგიის ინ-ტი.
264 _aთბილისი :
_b[გ.გ.],
_c2007.
300 _a224 გვ. ;
_c29სმ.
_eტაბულები გვ. : 153-224
520 _aრეზიუმე რუსულ ენაზე
653 _aსაქართველოს შუასაუკუნეების არქეოლოგიური ძეგლები I
700 _aრამიშვილი, რ.
_eრედაქტორი
_917562
700 _aმინდორაშვილი, დ.
_eრედაქტორი
_922638
710 _aოთ.ლორთქიფანიძის არქეოლოგიის ინ-ტი
_922639
942 _cBK
_2udc